European Capitals with 6 letters - Statistics

General Stats
  • This quiz has been taken 306 times
  • The average score is 11 of 14
Answer Stats
Capital % Correct
London
94%
Berlin
91%
Madrid
90%
Lisbon
87%
Athens
85%
Warsaw
81%
Dublin
80%
Moscow
80%
Prague
76%
Vienna
74%
Zagreb
70%
Monaco
63%
Skopje
59%
Tirana
54%
No matching quizzes found
Score Distribution
Percent of People with Each Score
Percentile by Number Answered
Your Score History
You have not taken this quiz